Online Catalogue and eLibrary

Feminist legal theory : (Record no. 2672)

MARC details
000 -LEADER
fixed length control field 00370nam a2200157Ia 4500
005 - DATE AND TIME OF LATEST TRANSACTION
control field 20240606065953.0
008 - FIXED-LENGTH DATA ELEMENTS--GENERAL INFORMATION
fixed length control field 240331s9999 xx 000 0 und d
082 ## - DDC Classification
Item Number - Author Mark COS
Class No. 346
100 ## - MAIN ENTRY--PERSONAL NAME
Personal name Cossman, B
245 #0 - TITLE STATEMENT
Title Feminist legal theory :
Remainder of title the thatched patio
260 ## - PUBLICATION, DISTRIBUTION, ETC.
Place of publication, distribution, etc. Colombo
Name of publisher, distributor, etc. ICES
Date of publication, distribution, etc. 1990
300 ## - PHYSICAL DESCRIPTION
Extent (e.g. Volumes, Pages etc.) 48 p.,
650 ## - SUBJECT ADDED ENTRY--TOPICAL TERM
Topical term or geographic name entry element Feminism
650 ## - SUBJECT ADDED ENTRY--TOPICAL TERM
Topical term or geographic name entry element Law
942 ## - Koha item type (Biblio)
Koha item type Books in Stacks (Lending)
Holdings
Lost status Damaged status Collection code Home library Current library Shelving location Date acquired Full call number Accession Number Item type
    Lending WERC Library WERC Library Social Science Cupboard 03/31/2024 346 COS 129 Books in Stacks (Lending)

© WERC Library